A fresh approach (Record no. 83225)

MARC details
000 -LEADER
fixed length control field 00984cab a22002055a 4500
001 - CONTROL NUMBER
control field L153194
008 - FIXED-LENGTH DATA ELEMENTS--GENERAL INFORMATION
fixed length control field 110622e20110611xxk 000 0 eng d
035 ## - SYSTEM CONTROL NUMBER
System control number (Sirsi) u153194
041 0# - LANGUAGE CODE
Language code of text/sound track or separate title eng
100 1# - MAIN ENTRY--PERSONAL NAME
Personal name Cooke, Elizabeth
245 02 - TITLE STATEMENT
Title A fresh approach
260 ## - PUBLICATION, DISTRIBUTION, ETC.
Date of publication, distribution, etc. 2011
490 ## - SERIES STATEMENT
Series statement Estates Gazette
Volume/sequential designation (1123) 11 June 2011, 76-78(3)
520 ## - SUMMARY, ETC.
Summary, etc. Outline of the Law Commission's recommendations following its review of the rights that make land effective. The recommendations can be divided into four areas; streamlining the law on easements and profits, improving the interface of these rights with the land registration system, introducing a new legal interest to remedy the defects in the law of covenants and extending the jurisdiction of the Lands Chamber.
590 ## - LOCAL NOTE (RLIN)
Local note KA
651 #4 - SUBJECT ADDED ENTRY--GEOGRAPHIC NAME
Geographic name England and Wales
Chronological subdivision 1543-
690 ## - LOCAL SUBJECT ADDED ENTRY--TOPICAL TERM (OCLC, RLIN)
Topical term or geographic name as entry element PROPERTY-PROPERTY ACQUISITION AND DISPOSAL-REGISTRATION OF TITLE TO PROPERTY-LAND REGISTRATION
700 1# - ADDED ENTRY--PERSONAL NAME
Personal name Macklam, Nicholas
942 ## - ADDED ENTRY ELEMENTS (KOHA)
Suppress in OPAC 0
Holdings
Withdrawn status Lost status Source of classification or shelving scheme Damaged status Not for loan Home library Current library Shelving location Date acquired Total Checkouts Full call number Barcode Date last seen Copy number Price effective from Koha item type
    Dewey Decimal Classification     London London Journal article 22/06/2011   L153194 153194-1001 06/08/2019 1 06/08/2019 Journal article